Top UK Universities Quiz Stats

 Plays Quiz Updated Oct 18, 2018

Score 0/25 Timer 05:00
0 Plays Today
Rank University % Correct
2.University of Oxford
98.4%
1.University of Cambridge
96.6%
18.University of Manchester
75.7%
13.University of Leeds
74%
23.University of Edinburgh
70.4%
15.University of Bristol
64.2%
15.University of Birmingham
62.7%
6.Durham University
62.1%
3.London School of Economics
59.3%
10.University College London
59%
5.University of St Andrews
55.8%
17.University of Nottingham
54.7%
24.University of Glasgow
54.3%
Rank University % Correct
22.Newcastle University
53.4%
21.University of York
52%
12.University of Exeter
51.3%
9.University of Warwick
51.3%
4.Imperial College London
50.8%
11.University of Bath
49%
25.University of Sussex
48.6%
20.University of Southampton
48.5%
19.University of Surrey
45.8%
14.University of East Anglia
45.5%
7.Loughborough University
36.1%
8.Lancaster University
32.7%

You're not logged in!

Compare scores with friends on all Sporcle quizzes.
OR
Log In

Sporcle TV

Today on Sporcle TV


Watch our educational content, quiz creation guides, and fun videos on Sporcle TV.

Show Comments

Extras

Top Quizzes Today


Score Distribution

Your Account Isn't Verified!

In order to create a playlist on Sporcle, you need to verify the email address you used during registration. Go to your Sporcle Settings to finish the process.

Report this User

Report this user for behavior that violates our Community Guidelines.

Details: